000 00244nam a22000857a 4500
999 _c516484
_d516484
100 _aKhan, Mohammad Sharif
_923003
245 _aEducation, religion and the modern age
_cby Mohammad Sharif Khan
260 _aNew Delhi
_bAshish
_c1990
300 _a185p.